Normal view
MARC view
- M. Colins, J. Drever
Entry Personal Name
001 - CONTROL NUMBER
- control field: 128945
003 - CONTROL NUMBER IDENTIFIER
- control field: NUST
005 - DATE AND TIME OF LATEST TRANSACTION
- control field: 20250514112009.0
008 - FIXED-LENGTH DATA ELEMENTS
- fixed length control field: 250514|| aca||aabn | a|a d
040 ## - CATALOGING SOURCE
- Original cataloging agency: NUST
- Transcribing agency: NUST
100 ## - HEADING--PERSONAL NAME
- Personal name: M. Colins, J. Drever
670 ## - SOURCE DATA FOUND
- Source citation: Work cat.: (NUST)562465: M. Colins, J. Drever, A First Laboratory guide in psychology /, 2007
